Easter Sunday : poems /

Bibliographic Details
Main Author: Clark, Tom, 1941-2018
Format: Book
Language:English
Published: Minneapolis : Coffee House Press, 1987.

MARC

Tag First Indicator Second Indicator Subfields
LEADER 00000cam a2200000 a 4500
001 in00000014091
005 20211106063238.0
008 870918s1987 mnu 00010 eng
010 |a  87027653  
020 |a 0918273277 (pbk. : alk. paper) :  |c $8.95 
035 |a (OCoLC)16832121 
035 |9 AAA6441AM 
040 |a DLC  |c DLC  |d TXA  |d UtOrBLW 
049 |a TXAM  |c [A11054360] 
050 0 0 |a PS3553.L29  |b E27 1987 
082 0 |a 811/.54  |2 19 
100 1 |a Clark, Tom,  |d 1941-2018. 
245 1 0 |a Easter Sunday :  |b poems /  |c by Tom Clark. 
264 1 |a Minneapolis :  |b Coffee House Press,  |c 1987. 
300 |a 148 pages ;  |c 23 cm. 
336 |a text  |b txt  |2 rdacontent 
337 |a unmediated  |b n  |2 rdamedia 
338 |a volume  |b nc  |2 rdacarrier 
999 |a MARS 
999 f f |s ca07ba18-25eb-3c66-aad6-33048a5e2109  |i 3a301615-f56e-353b-a190-6c224f9f4570  |t 0 
952 f f |p ric  |a Texas A&M University  |b Rellis Campus  |c Joint Library Facility  |d Remote Storage  |t 0  |e PS3553.L29 E27 1987  |h Library of Congress classification  |i unmediated -- volume  |m A14811054360 
998 f f |a PS3553.L29 E27 1987  |t 0  |l Remote Storage